50 villes les plus peuplées des Alpes Maritimes (06) - Statistiques

Statistiques générales
  • Ce quiz a été pris 59 fois
    20 depuis la dernière actualisation
  • Le résultat moyen est 29 sur 50
Statistiques - réponses
nombre d'habitant ville % Correct
76 612 Antibes
100%
52 852 Cagnes-sur-Mer
100%
74 040 Cannes
100%
48 669 Grasse
100%
353 701 Nice
100%
19 856 Vence
100%
16 729 Villeneuve-Loubet
100%
40 198 Le Cannet
93%
21 201 Mandelieu-la-Napoule
93%
30 326 Menton
93%
12 419 Roquebrune-Cap-Martin
93%
31 646 Saint-Laurent-du-Var
93%
28 579 Vallauris
93%
5 012 Villefranche-sur-Mer
93%
13 729 Carros
79%
10 485 La Trinité
79%
19 481 Mougins
79%
12 389 Valbonne
79%
12 430 Beausoleil
71%
10 196 Biot
71%
10 847 Mouans-Sartoux
71%
8 491 Peymeinade
57%
3 190 Saint-Paul-de-Vence
57%
3 835 Beaulieu-sur-Siagne
50%
2 292 Breil-sur-Roya
50%
4 491 Cap-d'Ail
50%
5 300 Drap
50%
8 143 Pégomas
50%
5 877 Saint-André-de-la-Roche
50%
7 722 Contes
43%
7 194 La Gaude
43%
5 552 La Roquette-sur-Siagne
43%
5 366 Levens
43%
3 403 Saint-Martin-du-Var
43%
3 507 Colomars
36%
7 284 Roquefort-les-Pins
36%
3 807 Sospel
36%
3 346 Auribeau-sur-Siagne
29%
3 012 La Turbie
29%
2 408 Opio
29%
3 971 Saint-Cézaire-sur-Siagne
29%
4 378 Saint-Jeannet
29%
3 662 Saint-Vallier-de-Thiey
29%
2 321 Aspremont
21%
4 345 Gattières
21%
2 960 Le Bar-sur-Loup
21%
2 563 l'Escarène
21%
4 633 Tourette-Levens
21%
4 198 Le Rouret
14%
3 158 Le Tignet
14%
Aucun quiz correspondant
Distribution des résultats
% des personnes avec chaque résultat
Percentile par nombre de réponses
Votre historique - résultats
Vous n’avez pas pris ce quiz depuis la dernière actualisation